Guía del emprendedor: método EDI para iniciar y hacer crecer tu propio negocio
Gorde:
| Egile Nagusiak: | , |
|---|---|
| Formatua: | Liburua |
| Hizkuntza: | gaztelania |
| Argitaratua: |
Viña del Mar
Emprenden
2004
|
| Edizioa: | 1a. ed |
| Gaiak: | |
| Etiketak: |
Etiketa erantsi
Etiketarik gabe, Izan zaitez lehena erregistro honi etiketa jartzen!
|
MARC
| LEADER | 00000nam a2200000 a 4500 | ||
|---|---|---|---|
| 001 | UCK6200 | ||
| 003 | CL-VaPUC | ||
| 008 | 050909e20040000CL |||||||||||||||||spa|d | ||
| 020 | |a 9562993809 | ||
| 082 | 0 | 4 | |a 658.401 |b HER |2 21 |
| 100 | |a Herrera A., Hernán |e author |9 495242 | ||
| 700 | 0 | |a Brown S., Daniel |e author |9 495243 | |
| 245 | 1 | 0 | |a Guía del emprendedor: método EDI para iniciar y hacer crecer tu propio negocio |
| 250 | |a 1a. ed | ||
| 300 | |a 241 p | ||
| 942 | |c BK | ||
| 945 | |d 20050909 00:00:00 |a cmena | ||
| 260 | |a Viña del Mar |b Emprenden |c 2004 | ||
| 650 | 0 | |a Planificación estratégica |9 259735 | |
| 650 | 0 | |a Administración de empresas |9 260833 | |
| 650 | 0 | |a Motivación |9 315362 | |
| 650 | 0 | |a Creatividad |9 310816 | |
| 583 | |a last modification |c 20050909 00:00:00 |k Rodrigo Vera | ||
| 999 | |c 314510 |d 314508 | ||
| 952 | |0 0 |1 0 |4 0 |6 658_401000000000000_HER_2004 |7 0 |8 A |9 386817 |a BIBEDU |b BIBEDU |d 2019-11-22 |i 4159861 |o 658.401 HER 2004 |p 4159861 |r 2019-11-22 |w 2019-11-22 |y BK |k EPE | ||